banner koha

Tratamento e utilizacao de residuos organicos (Registro n. 151738)

MARC details
000 -LÍDER
campo de controle de tamanho fixo 01111nas a2200385 4500
001 - NÚMERO DE CONTROLE
campo de controle BR8805913
003 - IDENTIFICADOR DO NÚMERO DE CONTROLE
campo de controle BR-BrBNA
005 - DATA E HORÁRIO DA ÚLTIMA TRANSAÇÃO
campo de controle 20231205095622.0
007 - CAMPO FIXO DE DESCRIÇÃO FÍSICA--INFORMAÇÃO GERAL
campo de controle de tamanho fixo ta
008 - CAMPO DE DADOS FIXOS--INFORMAÇÃO GERAL
campo de controle de tamanho fixo 230509b bl.|||p| |||| 00| 00por d
040 ## - FONTE DA CATALOGAÇÃO
Instituição da catalogação original BR-BrBNA
Idioma da catalogação por
Instituição que transcreveu o registro Biblioteca Nacional de Agricultura
041 ## - CÓDIGO DE IDIOMA
Código do idioma do texto/trilha sonora ou título diferente (Pt)
072 ## - CÓDIGO DE CATEGORIA DE ASSUNTO
Código de Categoria de Assunto F04; Q70
100 1# - ENTRADA PRINCIPAL--NOME PESSOAL
Nome pessoal Marriel, I.E.
100 1# - ENTRADA PRINCIPAL--NOME PESSOAL
Nome pessoal Konzen, E.A.
100 1# - ENTRADA PRINCIPAL--NOME PESSOAL
Nome pessoal Alvarenga, R.C.
100 1# - ENTRADA PRINCIPAL--NOME PESSOAL
Nome pessoal Santos, H.L. dos
245 1# - TÍTULO
Título Tratamento e utilizacao de residuos organicos
650 ## - ASSUNTO--TERMO TÓPICO
Cabeçalho tópico ou nome geográfico Materia Organica
650 ## - ASSUNTO--TERMO TÓPICO
Cabeçalho tópico ou nome geográfico Residuo Organico
650 ## - ASSUNTO--TERMO TÓPICO
Cabeçalho tópico ou nome geográfico Fertilizante
650 ## - ASSUNTO--TERMO TÓPICO
Cabeçalho tópico ou nome geográfico Fertilizante Nitrogenado
650 ## - ASSUNTO--TERMO TÓPICO
Cabeçalho tópico ou nome geográfico Esterco
650 ## - ASSUNTO--TERMO TÓPICO
Cabeçalho tópico ou nome geográfico Decomposicao
650 ## - ASSUNTO--TERMO TÓPICO
Cabeçalho tópico ou nome geográfico Humus
650 ## - ASSUNTO--TERMO TÓPICO
Cabeçalho tópico ou nome geográfico Dejeto
650 ## - ASSUNTO--TERMO TÓPICO
Cabeçalho tópico ou nome geográfico Fenacao
650 ## - ASSUNTO--TERMO TÓPICO
Cabeçalho tópico ou nome geográfico Biofertilizante
650 ## - ASSUNTO--TERMO TÓPICO
Cabeçalho tópico ou nome geográfico Fermentacao Anaerobica
650 ## - ASSUNTO--TERMO TÓPICO
Cabeçalho tópico ou nome geográfico Fertilidade do Solo
650 ## - ASSUNTO--TERMO TÓPICO
Cabeçalho tópico ou nome geográfico Solo
773 0# - ENTRADA ANALÍTICA
Título Informe Agropecuario - Empresa de Pesquisa Agropecuaria de Minas Gerais (Brazil)
ISSN - International Standard Serial Number ISSN 0100-3364
Partes relacionadas (Mar 1987), v. 13(147) p. 24-36
Número de controle do registro BR8805913
909 ## -
-- 202311
-- Lúcia
-- 55
-- Lúcia Elande
942 ## - ELEMENTOS DE ENTRADA ADICIONADOS (KOHA)
Fonte da classificação ou esquema de arquivamento na estante Classificação AGRIS
Ocultar no OPAC Não
Tipo de material Koha Analítica
Exemplares
Situação do descarte Fonte da classificação ou esquema de arquivamento na estante Situação física Não pode ser emprestado Biblioteca de origem Biblioteca atual Localização na estante Enumeração do periódico / cronologia Total de empréstimos Data de último acesso Número do exemplar Tipo de material Koha Fonte de aquisição
  Classificação AGRIS   Consulta local Biblioteca Nacional de Agricultura - Binagri Biblioteca Nacional de Agricultura - Binagri   (Mar 1987), v. 13(147) p. 24-36   29/11/2023 01 Periódicos Portaria Interministerial nº 164/94

BINAGRI

Telefone: (61)3218-2567/2388/3357/2097 - binagri@agro.gov.br

Ministério da Agricultura e Pecuária , Esplanada dos Ministérios, Bloco D, Anexo B, Brasília/DF, CEP: 70.043-900